Estatísticas para Cultura Geral

Clique aqui para jogar o quiz

Estatísticas Gerais

  • Esse quiz foi jogado 21 vezes
  • A pontuação média é 6 de 14

Estatísticas das Respostas

HintResposta% Correto
Qual é o feminino de duque?Duquesa
88%
Que parte do corpo pode ser afetada pela catarata?Olho
88%
Que peça de roupa é famosa por Drácula e Superman?Capa
76%
Que país faz fronteira com a Suíça a oeste?França
65%
Qual é o tipo de pássaro mais pesado?Avestruz
59%
Que órgão, encontrado nas aves, é usado para triturar os alimentos?Moela
53%
Além do México e do Canadá, qual é o território do país mais próximo dos Estados Unidos?Rússia
47%
Qual é o único estado dos EUA onde os flamingos são comumente encontrados?Flórida
35%
Que famoso cabaré de Paris tem um nome que significa "Moinho Vermelho"?Moulin Rouge
35%
Qual é o verdadeiro nome do Eminem?Marshall Mathers
18%
Qual é o único desporto olímpico onde o género do participante não é considerado,
e homens e mulheres podem competir diretamente entre si?
Equitação
12%
Qual é o maior estádio do Reino Unido?Wembley Stadium
6%
Do que um chorofóbico tem medo?Dançar
0%
Que filme aconteceu na lua do planeta Pandora?Pandora
0%

Distribuição das Pontuações

Percentil de Números Respondidos

Porcentagem de Pessoas com Cada Pontuação

Sua Pontuação Histórica

Você não jogou esse quiz